Lataa...
Mathematics and sports/
| Päätekijä: | |
|---|---|
| Muut tekijät: | |
| Aineistotyyppi: | Printed Book |
| Kieli: | English |
| Julkaistu: |
Universities Press,
1993.
|
| LEADER | 00416nam a2200121Ia 4500 | ||
|---|---|---|---|
| 008 | 120707s9999 xx 000 0 eng d | ||
| 100 | |a Sadovskii, L.E | ||
| 245 | 0 | |a Mathematics and sports/ | |
| 260 | |b Universities Press, |c 1993. | ||
| 700 | 1 | |a Sadovskii, A.L.. | |
| 942 | |c BK | ||
| 999 | |c 134909 |d 134909 | ||
| 952 | |0 0 |1 0 |4 0 |6 00_000000000000000_SAD |7 0 |9 149195 |a MAT |b MAT |c ST1 |d 2012-07-10 |i G566 |l 0 |o 00 SAD |p MATG566 |r 2013-08-01 |w 2013-08-01 |y BK | ||